header

Interactions of herbicide atrazine with DNA (Record no. 170378)

MARC details
000 -LEADER
fixed length control field 01714nam a2200397Ia 4500
082 04 - DEWEY DECIMAL CLASSIFICATION NUMBER
Classification number 572.8/6
100 1# - MAIN ENTRY--AUTHOR NAME
Personal name Hepel, Maria.
245 10 - TITLE STATEMENT
Title Interactions of herbicide atrazine with DNA
260 ## - PUBLICATION, DISTRIBUTION, ETC. (IMPRINT)
Place of publication New York :
Name of publisher Nova Science Publishers,
Year of publication c2010.
300 ## - PHYSICAL DESCRIPTION
Number of Pages viii, 66 p. :
Other physical details ill. (some col.).
490 1# - SERIES STATEMENT
Series statement DNA: properties and modifications, functions and interactions, recombination and applications.
Series statement Environmental science, engineering and technology.
650 #0 - SUBJECT ADDED ENTRY--TOPICAL TERM
Topical Term DNA-drug interactions.
Topical Term Atrazine
Topical Term Biosensors.
Topical Term Environmental monitoring
700 1# - ADDED ENTRY--PERSONAL NAME
Personal name Stobiecka, Magdalena.
856 40 - ELECTRONIC LOCATION AND ACCESS
Uniform Resource Identifier http://site.ebrary.com/lib/rucke/Doc?id=10661850

No items available.

© 2026 Rongo University
Contact us: librarian | system librarian | Rongo university